Introduction to relational database and SQL programming

This text provides hands-on instruction to relational database design and management using Oracle examples. The proven format features step-by-step tutorials, end-of-chapter reviews, practice questions, key term lists, and lab projects.

সংরক্ষণ করুন:
গ্রন্থ-পঞ্জীর বিবরন
প্রধান লেখক: Allen, Christopher
বিন্যাস: গ্রন্থ
ভাষা:Undetermined
প্রকাশিত: Illinois, USA Mc GrawHill 2004
বিষয়গুলি:
ট্যাগগুলো: ট্যাগ যুক্ত করুন
কোনো ট্যাগ নেই, প্রথমজন হিসাবে ট্যাগ করুন!
Thư viện lưu trữ: Trung tâm Học liệu Trường Đại học Cần Thơ
LEADER 00931nam a2200193Ia 4500
001 CTU_214481
008 210402s9999 xx 000 0 und d
082 |a 005.756 
082 |b A425/CD.2 
100 |a Allen, Christopher 
245 0 |a Introduction to relational database and SQL programming 
245 0 |c Christopher Allen, Simon Chatwin, Catherine Creary 
260 |a Illinois, USA 
260 |b Mc GrawHill 
260 |c 2004 
520 |a This text provides hands-on instruction to relational database design and management using Oracle examples. The proven format features step-by-step tutorials, end-of-chapter reviews, practice questions, key term lists, and lab projects. 
650 |a Relational databases,SQL (Computer program language),Cơ sở dữ liệu thông dụng,SQL (ngôn ngữ chương trình máy tính) 
904 |i Liễu 
980 |a Trung tâm Học liệu Trường Đại học Cần Thơ